| 000 | 00623nam a22001457a 4500 | ||
|---|---|---|---|
| 020 | _a0-439-51097-x | ||
| 082 |
_a823 _broy/n |
||
| 100 | _aROY, RON | ||
| 245 | _aTHE NINTH NUGGET | ||
| 260 |
_aNEW YORK40 _bRANDOM HOUSE CHILDRENS BOOKS |
||
| 300 | _a88 | ||
| 520 | _aDink, Josh, and Ruth Rose are spending a week at a dude ranch. Everything is normal in a cowboy kind of way–until Josh finds a huge gold nugget! Just as they are deciding what to do with their newfound riches, the nugget disappears. Will the kids be able to track down the thief before it's time to mosey on home? | ||
| 650 | _aSHORT STORY | ||
| 942 | _cBK | ||
| 999 |
_c6380 _d6380 |
||